LEADER 00828nam a2200241 a 4500 001 991003914739707536 008 020 $a9788815257093 035 $ab14408326-39ule_inst 040 $aDip.to di Storia, Società e Studi sull'Uomo$bita 082 0 $a944.01 100 1 $aJussen, Bernhard$0254881 245 12$a I Franchi /$cBernhard Jussen 260 $aBologna :$bIl mulino,$c2015 300 $a161 p. :$bill. ;$c21 cm 490 0 $aUniversale paperbacks ;$v691 650 4$aFranchi 907 $a.b14408326$b15-01-21$c15-01-21 912 $a991003914739707536 945 $aLE023 944.01 JUS 1 1$g1$i2023000188873$lle023$op$pE14.00$q-$rl$s- $t0$u0$v0$w0$x0$y.i15947543$z15-01-21 996 $aFranchi$91385274 997 $aUNISALENTO 998 $ale023$b15-01-21$cm$da $e-$fita$git $h2$i0 LEADER 03368nam 22005535 450 001 9910337939903321 005 20200629124756.0 010 $a3-662-58817-X 024 7 $a10.1007/978-3-662-58817-8 035 $a(CKB)4100000008153965 035 $a(MiAaPQ)EBC5771557 035 $a(DE-He213)978-3-662-58817-8 035 $a(PPN)236519387 035 $a(EXLCZ)994100000008153965 100 $a20190509d2019 u| 0 101 0 $aeng 135 $aurcnu|||||||| 181 $ctxt$2rdacontent 182 $cc$2rdamedia 183 $acr$2rdacarrier 200 10$aIdentify Common Tropical and Subtropical Ornamental Plants by Flower Colour $eA Nature Guide for the Journey /$fby Katharina Kreissig 205 $a1st ed. 2019. 210 1$aBerlin, Heidelberg :$cSpringer Berlin Heidelberg :$cImprint: Springer Spektrum,$d2019. 215 $a1 online resource (111 pages) 311 $a3-662-58816-1 327 $aForeword -- Introduction -- Yellow flowers -- Orange flowers -- Red flowers -- Pink flowers -- Blue flowers -- White flowers -- Appendix. 330 $aThis book is a practical, compact guide for the identification of common tropical and subtropical ornamental plants by flower colour. It is intended for anyone who is interested in plants and would like to get to know the attractive flowering plants of warm regions while travelling. Certainly everyone in a foreign country has at some point admired a particularly exotic flower and wished to know which plant it is. With appealing photos and comprehensible texts, this book provides the answer - quickly and easily. The author is an experienced tour guide and is regularly asked for eye-catching, ornamental plants on the way. She photographed the frequently requested plants and arranged them according to colour in this nature guide. This book is also suitable for beginners without previous botanical knowledge due to its illustrations and simple sorting. About the author Katharina Kreissig studied biology at the Christian-Albrechts-University Kiel. She works at Springer Nature in the field of academic distance education and part-time studies. She also works as a lecturer, nature guide, and scientific tour guide for study trips focusing on biology, including expedition cruise trips. 606 $aPlants$vClassification 606 $aPlants$vClassification 606 $aLife sciences 606 $aNature 606 $aEcology 606 $aPlant Systematics/Taxonomy/Biogeography$3https://scigraph.springernature.com/ontologies/product-market-codes/L24051 606 $aPopular Life Sciences$3https://scigraph.springernature.com/ontologies/product-market-codes/Q25000 606 $aPopular Science in Nature and Environment$3https://scigraph.springernature.com/ontologies/product-market-codes/Q16000 615 0$aPlants 615 0$aPlants 615 0$aLife sciences. 615 0$aNature. 615 0$aEcology. 615 14$aPlant Systematics/Taxonomy/Biogeography. 615 24$aPopular Life Sciences. 615 24$aPopular Science in Nature and Environment. 676 $a635.9 700 $aKreissig$b Katharina$4aut$4http://id.loc.gov/vocabulary/relators/aut$0947385 906 $aBOOK 912 $a9910337939903321 996 $aIdentify Common Tropical and Subtropical Ornamental Plants by Flower Colour$92140564 997 $aUNINA